| 000 | 00833nam a22002297a 4500 | ||
|---|---|---|---|
| 005 | 20150819110648.0 | ||
| 010 | _aENG-113414 | ||
| 020 |
_a8192110656 _c2800.00 |
||
| 020 |
_a9788192110653 _c2800.00 |
||
| 035 | _aEN-96946 | ||
| 037 | _bDBAD/PUB | ||
| 082 | _a759.954 | ||
| 100 | _aDas, Asok Kumar | ||
| 245 |
_aWonders of nature : _cby Asok Kumar Das _bUstad Mansur at the Mughal court / |
||
| 260 |
_aMumbai _bThe Marg Foundation _c2013 |
||
| 270 |
_aArmy & Navy Building, 3rd Floor, 148, M.G. Road, _bMumbai _e400001 |
||
| 300 |
_a176p. : _c31cm(Hb) _bill.(chiefly col.) |
||
| 500 | _a Includes bibliographical references (pages 166-172) and index. | ||
| 600 |
_a Manṣūr, _dactive 17th century _xCriticism and interpretation. |
||
| 650 |
_a History painting _zIndia. |
||
| 942 |
_2ddc _cEN _mDAS _h759.954 |
||
| 999 |
_c94767 _d94767 |
||